000 00497nam a2200181Ia 4500
003 LK-CoDNM
008 010623t xxu||||| |||| 00| 1 sin d
040 _aLK-CoDNM
_dLK-CoDNM
_eLK-CoDNM
041 _asin
080 _a681.31 YAP
100 _aYapa,N.U.
245 _aපුස්තකාලය හා පරිගනකය
246 _aPustakalaya Ha Pariganakaya
260 _bNational Library
300 _b121p., 21 100: 955-9011-65-0 cm
650 _aLibrary Science
942 _cBK
999 _c139415
_d139415